Statistics for Random NBA Players Colleges #2

Click here to take the quiz!

General Stats

  • This quiz has been taken 9 times
  • The average score is 8 of 15

Answer Stats

HintAnswer% Correct
Meyers LeonardIllinois
88%
Trey LylesKentucky
88%
Buddy HieldOklahoma
88%
Tim Hardaway Jr.Michigan
75%
Isaiah ThomasWashington
75%
Alec BurksColorado
50%
Kendrick NunnOakland
50%
Chris DuarteOregon
50%
Christian WoodUNLV
50%
Darius GarlandVanderbilt
50%
Jevon CarterWest Virginia
50%
Joe HarrisVirginia
38%
Alfonzo MckinnieGreen Bay
25%
Kenneth FariedMorehead State
25%
Matthew DellavedovaSt Marys
25%

Score Distribution

Percentile by Number Answered

Percent of People with Each Score

Your Score History

You have not taken this quiz